[Event "HCL-M890"]
[Site "www.playchess.de"]
[Date "2006.02.20"]
[Round "14"]
[White "PaulH"]
[Black "maik42_"]
[WhiteElo "2031"]
[BlackElo "2196"]
[PlyCount "20"]
[Result "0-1"]

1.d4 Nf6 {hallo and have fun}  2.c4 g6 3.Nc3 Bg7 
4.e4 d6 5.Nf3 O-O 6.Be2 Nbd7 7.O-O c6 8.e5 Ne8 
9.Bf4 dxe5 10.dxe5 Nc7 0-1

[Event "HCL-M775"]
[Site "www.playchess.de"]
[Date "2006.02.20"]
[Round "29"]
[White "pcmvr"]
[Black "edmonte"]
[WhiteElo "2111"]
[BlackElo "2101"]
[PlyCount "93"]
[Result "1-0"]

1.b4 {Hello, wish you a nice game from the 
Netherlands.}  Nf6 2.Bb2 e6 3.b5 d5 4.e3 Be7 5.Be2 
c5 6.Nf3 O-O 7.c4 a6 8.O-O b6 9.bxa6 Bxa6 10.d3 
Nc6 11.a4 d4 12.exd4 cxd4 13.Na3 e5 14.Nb5 Bb4 
15.Nd2 Qd7 16.Bf3 Bb7 17.Ne4 Ne8 18.Ba3 Bxa3 
19.Rxa3 Kh8 20.Re1 f5 21.Nd2 Nc7 22.Nxc7 Qxc7 
23.Rb3 Rxa4 24.Rxb6 Rb4 25.Rxb4 Nxb4 26.Qb3 Rb8 
27.Bxb7 Rxb7 28.Nf3 Nc6 29.Qa3 Qb8 30.Qc5 Qe8 
31.Nxd4 Nxd4 32.Qxd4 Rb1 33.Qc3 Qb8 34.h3 Rxe1+ 
35.Qxe1 Qd6 36.Qe3 h6 37.c5 Qd5 38.Qc1 Qc6 39.Qc3 
e4 40.d4 f4 41.Kh2 Kh7 42.Qc1 g5 43.d5 Qe8 44.c6 
e3 45.d6 exf2 46.Qc2+ Kg7 47.Qxf2 1-0

[Event "HCL-B3853"]
[Site "www.playchess.de"]
[Date "2006.02.20"]
[Round "29"]
[White "MrM"]
[Black "GMO"]
[WhiteElo "1199"]
[BlackElo "1361"]
[PlyCount "37"]
[Result "1-0"]

1.e4 e5 2.Nf3 Bd6 3.Bc4 h6 4.Nc3 a6 5.O-O Nf6 6.h3 
b5 7.Bb3 O-O 8.d3 c6 9.Be3 a5 10.a4 b4 11.Ne2 Re8 
12.Ng3 Na6 13.Nf5 Bc5 14.Qd2 d6 15.Nxh6+ gxh6 
16.Bxh6 Nh7 17.Ng5 Nxg5 18.Bxg5 Qd7 
19.Bf6 1-0

[Event "HCL-B3863"]
[Site "www.playchess.de"]
[Date "2006.02.20"]
[Round "9"]
[White "chessworm"]
[Black "Nutjob"]
[WhiteElo "1500"]
[BlackElo "1200"]
[PlyCount "68"]
[Result "0-1"]

1.d4 {Good Luck}  d5 {Good Luck to you too from 
Tennessee.}  2.c4 {West Virginia says hello}  e6 
3.e3 Nf6 4.f3 c5 5.Nc3 cxd4 6.exd4 Bd6 7.c5 Bc7 
8.Bg5 h6 9.Bh4 b6 10.Qa4+ Bd7 11.Bb5 O-O 12.Bxf6 
gxf6 13.Qc2 bxc5 14.dxc5 Ba5 15.Bxd7 Nxd7 16.O-O-O 
Nxc5 17.Nge2 Qb6 18.b3 Rfc8 19.Kb1 Rab8 20.Ka1 
Nxb3+ 21.Qxb3 Bxc3+ 22.Nxc3 Qxb3 23.axb3 Rxc3 
24.Rdb1 Rcxb3 25.Rxb3 Rxb3 26.Ka2 Rb7 27.Rd1 Kg7 
28.g4 Kg6 {ever play at chessworld . net ?}  29.h4 
{I do the contest but haven't played any games.}  
f5 {It's a great site, many features even if you 
don't pay for membership. What's your email, I 
will send you an invitation :-)
I play there as e4forme}  30.Rd4 
{chessworm@charter.net}  fxg4 31.fxg4 f5 32.Ka3 
fxg4 33.Rxg4+ {The invite you sent won't let me 
accept the invitation.}  Kh5 {?? I wonder why not. 
I will send another invite for just the site.}  
34.Rd4 Rd7 0-1

[Event "HCL-B3881"]
[Site "www.playchess.de"]
[Date "2006.02.20"]
[Round "21"]
[White "Mosselman"]
[Black "WStanEvans"]
[WhiteElo "1345"]
[BlackElo "1386"]
[PlyCount "30"]
[Result "1-0"]

1.e4 {hi, enjoy the game!}  e5 2.Nf3 f5 3.exf5 Bc5 
4.Nxe5 Bxf2+ 5.Kxf2 Qh4+ 6.g3 Qe4 7.Nf3 Qxf5 
8.Qe2+ Ne7 9.d3 Nbc6 10.Bf4 O-O 11.Bg2 d6 12.Re1 
Bd7 13.Nbd2 Rae8 14.Qe4 Qf6 15.Qc4+ 
Be6 1-0

[Event "HCL-B3697"]
[Site "www.playchess.de"]
[Date "2006.02.20"]
[Round "19"]
[White "Regicide"]
[Black "ppadala"]
[WhiteElo "921"]
[BlackElo "1243"]
[PlyCount "49"]
[Result "1-0"]

1.e4 {Off we go again}  e5 2.d3 Nc6 3.Qf3 Nd4 
4.Qd1 Nf6 5.c3 Nc6 6.Bd2 Bc5 7.b4 Bb6 8.a4 a6 9.a5 
Ba7 10.Nf3 d5 11.Be2 O-O 12.d4 exd4 13.exd5 Qxd5 
14.c4 Qe4 15.O-O d3 16.Nc3 Qf5 17.Nh4 Qd7 18.Bf3 
Nxb4 19.Ra4 Nc2 20.Qb1 Ng4 21.g3 Ne5 22.Be4 Qg4 
23.Bxd3 Nxd3 24.Qxc2 Nxf2 25.Rxf2 1-0

[Event "HCL-B3910"]
[Site "www.playchess.de"]
[Date "2006.02.20"]
[Round "7"]
[White "chessworm"]
[Black "Lenvig"]
[WhiteElo "1242"]
[BlackElo "1500"]
[PlyCount "21"]
[Result "1-0"]

1.d4 Nf6 2.c4 g6 3.Nc3 Bg7 4.e4 d6 5.f3 O-O 6.Be3 
Nbd7 7.Qd2 c5 8.O-O-O cxd4 9.Bxd4 Nc5 10.Bxc5 dxc5 
11.Qxd8 1-0

[Event "HCL-A2491"]
[Site "www.playchess.de"]
[Date "2006.02.20"]
[Round "10"]
[White "agmac"]
[Black "Barani_S"]
[WhiteElo "1700"]
[BlackElo "1614"]
[PlyCount "74"]
[Result "1/2-1/2"]

1.e4 c5 2.Nf3 d6 3.Bb5+ Nd7 4.d4 cxd4 5.Nxd4 a6 
6.Ba4 Ngf6 7.Nc3 b5 8.Bb3 e6 9.Be3 Bb7 10.f3 b4 
11.Na4 d5 12.exd5 Nxd5 13.Bxd5 Bxd5 14.O-O Qf6 
15.c3 Rc8 16.Rc1 Bd6 17.cxb4 O-O 18.Qd2 Bxa2 19.b5 
e5 20.Nc6 axb5 21.Rfd1 Nb8 22.Qxd6 Rxc6 23.Qxf6 
gxf6 24.Rxc6 Nxc6 25.Nc3 Be6 26.Rd6 Na5 27.Bh6 Rb8 
28.Nxb5 Nc4 29.Ra6 Nxb2 30.Nc7 Nd3 31.h4 Nb4 
32.Rd6 Rc8 33.Nxe6 fxe6 34.Rxe6 Kf7 35.Rb6 Nc2 
36.h5 Rc7 37.Rb8 Nd4 {(offering draw)} 
 1/2-1/2

[Event "HCL-E1536"]
[Site "www.playchess.de"]
[Date "2006.02.20"]
[Round "21"]
[White "BlitzShinigami"]
[Black "PLAYCHESS1963"]
[WhiteElo "2100"]
[BlackElo "1692"]
[PlyCount "30"]
[Result "0-1"]

1.d4 Nf6 2.c4 e6 3.Nc3 d5 4.Nf3 c6 5.Bg5 dxc4 6.e4 
b5 7.Be2 Bb7 8.O-O Be7 9.Bxf6 Bxf6 10.e5 Be7 
11.Qc2 O-O 12.Rad1 Nd7 13.a3 Nb6 14.b3 cxb3 
15.Qxb3 a6 0-1

[Event "HCL-A2542"]
[Site "www.playchess.de"]
[Date "2006.02.20"]
[Round "5"]
[White "alvimrf"]
[Black "carbug"]
[WhiteElo "1784"]
[BlackElo "1530"]
[PlyCount "61"]
[Result "1-0"]

1.c4 c5 2.Nf3 Nc6 3.a3 g6 4.d4 Bg7 5.e3 d5 6.b3 e6 
7.cxd5 Qxd5 8.Nc3 Qd8 9.Bb5 Nge7 10.O-O O-O 11.Bb2 
a6 12.Bxc6 Nxc6 13.dxc5 Qe7 14.Qd6 Rd8 15.Qxe7 
Nxe7 16.Na4 Bxb2 17.Nxb2 b5 18.cxb6 a5 19.Rfd1 Nc6 
20.Rxd8+ Nxd8 21.Rc1 Bb7 22.Ne5 f6 23.Nd7 Kf7 
24.Rc7 Ke7 25.Nc5+ Kd6 26.Nxb7+ Nxb7 27.Nc4+ Kd5 
28.Rxb7 a4 29.Rd7+ Kc6 30.Rc7+ Kd5 
31.b4 1-0

[Event "HCL-C4121"]
[Site "www.playchess.de"]
[Date "2006.02.20"]
[Round "4"]
[White "de_zeis"]
[Black "newplayer"]
[WhiteElo "800"]
[BlackElo "1106"]
[PlyCount "42"]
[Result "0-1"]

1.Nf3 d5 2.d3 d4 3.a4 Bg4 4.h3 Bxf3 5.gxf3 e5 6.f4 
exf4 7.Bxf4 Bb4+ 8.Bd2 Bc5 9.Bg2 c6 10.Na3 Nh6 
11.b4 Be7 12.b5 c5 13.Bxb7 Nd7 14.Bxa8 Qxa8 15.Rg1 
Nf5 16.a5 g6 17.Nc4 Nh4 18.b6 a6 19.Rb1 Nb8 20.Rg4 
Qh1+ 21.Rg1 {hmmm that was a stupid 
move
}  Qxg1+ { big :-)}  0-1

[Event "HCL-B3858"]
[Site "www.playchess.de"]
[Date "2006.02.20"]
[Round "10"]
[White "seisan"]
[Black "IRONMAIDEN"]
[WhiteElo "1392"]
[BlackElo "1206"]
[PlyCount "90"]
[Result "1/2-1/2"]

1.d4 {hi}  d5 {hello and have fun!}  2.Bf4 
{thanks.same to you.}  Nf6 3.e3 e6 4.Bd3 Bd6 
5.Bxd6 Qxd6 6.Nf3 Nc6 7.O-O O-O 8.c3 e5 9.dxe5 
Nxe5 10.Nxe5 Qxe5 11.Nd2 c6 12.Nf3 Qd6 13.Qc2 g6 
14.Rad1 Bg4 15.Be2 Bxf3 16.Bxf3 Qc7 17.Qb3 b6 
18.c4 Rad8 19.cxd5 cxd5 20.Bxd5 Nxd5 21.Rxd5 Rxd5 
22.Qxd5 Rd8 23.Qb3 Rd6 24.Qb5 Rc6 25.b3 Rc5 
26.Qe8+ Kg7 27.a4 Rc1 28.Qb5 Rxf1+ 29.Qxf1 Qc2 
30.Qa1+ Kg8 31.g3 Qxb3 32.h4 a5 33.Kf1 b5 34.axb5 
Qxb5+ 35.Ke1 Qb4+ 36.Ke2 a4 37.Kd3 Qb3+ 38.Qc3 
Qxc3+ 39.Kxc3 Kg7 40.Kb4 Kf6 41.Kxa4 Ke5 42.f3 Kd5 
43.Kb4 f5 44.Kc3 Ke5 45.Kd3 h6 {(offering draw)} 
 1/2-1/2

[Event "HCL-E1586"]
[Site "www.playchess.de"]
[Date "2006.02.20"]
[Round "3"]
[White "yannick"]
[Black "Chas"]
[WhiteElo "1532"]
[BlackElo "1526"]
[PlyCount "49"]
[Result "1-0"]

1.g4 {hi,enjoy this game,good tournament}  d5 
{thanks,and allthe best from Lancashire uk}  2.Bg2 
c6 3.h3 h5 4.g5 Bf5 5.d4 e6 6.Nc3 Bd6 7.e4 dxe4 
8.Bxe4 Ne7 9.Nge2 h4 10.Bf4 Bxe4 11.Nxe4 Bxf4 
12.Nxf4 Nf5 13.c3 Nd7 14.g6 Qe7 15.gxf7+ Qxf7 
16.Ng5 Qf6 17.Ngxe6 Qe7 18.Qg4 Nh6 19.Qg6+ Nf7 
20.O-O-O Rc8 21.Rhe1 {hard game ?}  Qf6 {Sure is!! 
how did I get into this mess?? How many times have 
we met? and do you know the score ? Iwish you 
well. Charles}  22.Nc5+ {we met 4 games,2 win for 
me and a draw,think this game is for 
mee.regards.yannick}  Kd8 23.Nfe6+ Ke8 24.Ng5+ Kf8 
25.Nxd7+ 1-0

[Event "HCL-C4063"]
[Site "www.playchess.de"]
[Date "2006.02.20"]
[Round "7"]
[White "Farquhart"]
[Black "mudelta"]
[WhiteElo "583"]
[BlackElo "1125"]
[PlyCount "32"]
[Result "0-1"]

1.e4 c5 2.Nf3 g6 3.Nc3 Bg7 4.b3 Nf6 5.d4 cxd4 
6.Qxd4 Nh5 7.Qc5 d6 8.Qe3 O-O 9.Ng5 Qa5 10.Bc4 
Bxc3+ 11.Bd2 Bxd2+ 12.Qxd2 Qxd2+ 13.Kxd2 e6 
14.Rae1 Nc6 15.g4 Nf6 16.Rhg1 d5 0-1

[Event "HCL-C4112"]
[Site "www.playchess.de"]
[Date "2006.02.20"]
[Round "7"]
[White "donsimon"]
[Black "JULIUS"]
[WhiteElo "1030"]
[BlackElo "949"]
[PlyCount "63"]
[Result "1-0"]

1.e4 e5 2.Nf3 Nc6 3.d4 exd4 4.Nxd4 Nxd4 5.Qxd4 d6 
6.f4 Nf6 7.Nc3 Be7 8.b3 O-O 9.Ba3 Bg4 10.Be2 Bxe2 
11.Nxe2 d5 12.Bb4 Bxb4+ 13.Qxb4 b6 14.e5 Ne4 
15.O-O-O c6 16.g4 Nf2 17.f5 Nxh1 18.Rxh1 Qg5+ 
19.Kb1 Qe3 20.Re1 Qxe5 21.Nf4 Qf6 22.Nh5 Qh4 
23.Re2 Rfe8 24.Qc3 f6 25.Rxe8+ Rxe8 26.Qxc6 Qe1+ 
27.Kb2 Qe5+ 28.Kb1 h6 29.Qd7 Re7 30.Qc8+ Re8 
31.Qb7 Qxh2 32.Qxg7+ 1-0

[Event "HCL-T256"]
[Site "www.playchess.de"]
[Date "2006.02.20"]
[Round "20"]
[White "BohdanL"]
[Black "luciano59"]
[WhiteElo "1506"]
[BlackElo "2261"]
[PlyCount "42"]
[Result "0-1"]

1.e4 e5 2.f4 exf4 {hi and good game}  3.Nf3 
{thanks, and same to you}  d5 4.exd5 Nf6 5.Bb5+ c6 
6.dxc6 Nxc6 7.d4 Bd6 8.O-O O-O 9.Nc3 Bg4 10.Ne2 
Nd5 11.c4 Ne3 12.Bxe3 fxe3 13.c5 Bb8 14.Bxc6 bxc6 
15.Qb3 Re8 16.h3 {game in my database followed 
with 15...Qe7 (white won there :-))}  Be6 17.Qb7 
Bd5 18.Qa6 Qc7 19.Ne5 f6 20.Ng4 h5 21.Nxf6+ 
gxf6 0-1

[Event "HCL-C4072"]
[Site "www.playchess.de"]
[Date "2006.02.20"]
[Round "19"]
[White "cla114"]
[Black "sigma40"]
[WhiteElo "835"]
[BlackElo "1172"]
[PlyCount "58"]
[Result "0-1"]

1.e4 e5 {hello}  2.Nf3 {hi there}  Nc6 {hello}  
3.Nc3 {hi}  Nf6 {hello}  4.Bc4 {hi}  h6 5.O-O d6 
6.d4 exd4 7.Nxd4 Nxd4 8.Qxd4 c5 9.Qe3 Be7 10.e5 
Ng4 11.Qf3 Nxe5 12.Bf4 Nxf3+ {??}  13.gxf3 {just 
pure stupidity on my side....}  O-O {ah...been 
there myself (in this tourn too!)}  14.Rae1 Bh3 
15.Kh1 Bg5 16.Bxg5 Qxg5 17.Rfg1 Qd2 18.Ne4 Qxc2 
19.Bf1 Bxf1 20.Rexf1 d5 21.Nf6+ Kh8 22.Nh5 g6 
23.Nf6 Qf5 24.Ng4 Qxf3+ 25.Rg2 h5 26.Ne3 d4 27.Nd1 
Rae8 28.Kg1 h4 29.a4 Re5 0-1

[Event "HCL-C3903"]
[Site "www.playchess.de"]
[Date "2006.02.20"]
[Round "26"]
[White "winnetou"]
[Black "cla114"]
[WhiteElo "891"]
[BlackElo "934"]
[PlyCount "71"]
[Result "1-0"]

1.e4 {Hi Again!}  e5 {hi}  2.Nf3 Nc6 3.Bc4 Bc5 
4.b3 Nf6 5.d3 O-O 6.Bg5 d6 7.h3 Qe8 8.Nh4 Qe7 9.c3 
Be6 10.Nd2 a6 11.a4 Na5 12.O-O Bxc4 13.bxc4 Qe6 
14.Qf3 Rae8 15.g4 c6 16.Nf5 h6 17.Nxh6+ gxh6 
18.Bxf6 d5 19.g5 hxg5 20.Bxg5 Qg6 21.Qg4 f6 22.Nf3 
fxg5 23.Nxg5 dxe4 24.dxe4 Nb3 25.Rad1 Re7 26.Rd3 
Rg7 27.h4 Rgf7 28.h5 Qg7 29.Qg3 Bxf2+ 30.Rxf2 
R7xf2 31.Rd1 R8f7 32.h6 Qxh6 33.Nxf7+ Qg7 34.Rd8+ 
Kxf7 35.Rd7+ Kf8 36.Qxg7+ 1-0

[Event "HCL-B3855"]
[Site "www.playchess.de"]
[Date "2006.02.20"]
[Round "4"]
[White "sonnygarcia"]
[Black "a137"]
[WhiteElo "1021"]
[BlackElo "1200"]
[PlyCount "57"]
[Result "1-0"]

1.e4 e5 2.Nf3 Nc6 3.Bb5 a6 4.Ba4 Nf6 5.O-O Nxe4 
6.Re1 b5 7.Bb3 d5 8.d3 Nc5 9.c3 Be7 10.Bc2 O-O 
11.Nxe5 Nb8 12.d4 Ne6 13.Nd2 c5 14.Ndf3 f6 15.Nd3 
Nc6 16.dxc5 Bxc5 17.Nxc5 Nxc5 18.Be3 Nb7 19.Qd3 g6 
20.Bh6 Rf7 21.Nh4 Ne5 22.Rxe5 fxe5 23.Nxg6 Bf5 
24.Qg3 Bxg6 25.Bxg6 Qf6 26.Bxf7+ Kxf7 27.Bg5 Qe6 
28.Re1 e4 29.Qc7+ 1-0

[Event "HCL-C3880"]
[Site "www.playchess.de"]
[Date "2006.02.20"]
[Round "29"]
[White "cla114"]
[Black "Milosforman"]
[WhiteElo "938"]
[BlackElo "1113"]
[PlyCount "96"]
[Result "0-1"]

1.e4 c5 2.Nf3 e6 3.Bc4 d6 4.O-O Be7 5.d3 a6 6.Ng5 
Bxg5 7.Bxg5 Qxg5 8.Nc3 e5 9.Qf3 Nf6 10.Nd5 Nxd5 
11.Bxd5 O-O 12.Rae1 Bg4 13.Qg3 h5 14.f3 h4 15.Qf2 
Bh3 16.Re2 Bxg2 17.Qxg2 Qxg2+ 18.Rxg2 Ra7 19.f4 
exf4 20.Rxf4 b5 21.Rxh4 Nd7 22.Rg5 Nf6 23.Rg3 Nxd5 
24.exd5 f5 25.Rgh3 Re7 26.R4h8+ Kf7 27.R8h7 Ke8 
28.c4 b4 29.a3 bxa3 30.bxa3 f4 31.Rf3 g5 32.h4 
gxh4 33.Rxh4 Rg8+ 34.Kf2 Reg7 35.Rfxf4 R7g2+ 
36.Kf3 R8g3+ 37.Ke4 Re2+ 38.Kf5 Re5+ 39.Kf6 Rxd3 
40.Rh7 Rxa3 41.Rg4 Rf3+ 42.Kg7 Re7+ 43.Kh8 Rf8+ 
44.Rg8 Rxg8+ 45.Kxg8 Rxh7 46.Kxh7 a5 47.Kg6 a4 
48.Kf6 Kd7 0-1

[Event "HCL-E1569"]
[Site "www.playchess.de"]
[Date "2006.02.20"]
[Round "8"]
[White "alldrix"]
[Black "Wernswig"]
[WhiteElo "1624"]
[BlackElo "1372"]
[PlyCount "123"]
[Result "1-0"]

1.e4 {hello again}  e5 {hi, good luck to you}  
2.Nc3 Nf6 3.Bc4 Bc5 4.Nf3 d6 5.O-O O-O 6.d4 exd4 
7.Nxd4 Nc6 8.Be3 Nxd4 9.Bxd4 Bb6 10.Kh1 Be6 11.Be2 
Nd7 12.Qd2 f5 13.a4 Bxd4 14.Qxd4 Qf6 15.Qxf6 Rxf6 
16.Nd5 Bxd5 17.exd5 Ne5 18.f4 Nd7 19.Rae1 Nc5 
20.b3 Ne4 21.Bd3 Nc3 22.Bc4 Ne4 23.Be2 Nc3 24.Bf3 
Raf8 25.Re7 R6f7 26.Rfe1 a5 27.R1e3 Nb1 28.g3 b6 
29.c4 Nd2 30.Kg2 Nxf3 31.Kxf3 g6 32.h4 Kg7 33.R3e6 
Rxe7 34.Rxe7+ Rf7 35.Re3 Kf8 36.g4 Re7 37.g5 Rxe3+ 
38.Kxe3 Ke7 39.Kd4 Kd7 40.Kc3 Kc8 41.b4 Kd7 
42.bxa5 bxa5 43.Kd4 c6 44.c5 Kc7 45.Kc4 Kd7 
46.dxc6+ Kxc6 47.cxd6 Kxd6 48.Kb5 Kd5 49.Kxa5 Ke4 
50.Kb4 Kxf4 51.a5 Kg4 52.a6 Kxh4 53.a7 Kxg5 54.a8Q 
h5 55.Kc4 f4 56.Kd4 Kg4 57.Qc8+ Kh4 58.Ke4 g5 
59.Qc1 Kg4 60.Qg1+ Kh4 61.Kf5 g4 
62.Qh2+ 1-0

[Event "HCL-B3859"]
[Site "www.playchess.de"]
[Date "2006.02.20"]
[Round "2"]
[White "unclcarle"]
[Black "evets"]
[WhiteElo "1057"]
[BlackElo "1392"]
[PlyCount "64"]
[Result "0-1"]

1.e4 {Greetings from NYC.  Have a great game}  e6 
{Thanks from Hamilton, Ontario}  2.Nf3 d5 3.d3 
dxe4 4.dxe4 Bc5 5.Nc3 Nc6 6.Bb5 Qxd1+ 7.Nxd1 Nge7 
8.O-O O-O 9.Be3 Bxe3 10.Nxe3 a6 11.Bxc6 Nxc6 12.a3 
e5 13.Nc4 Re8 14.Rad1 Bg4 15.h3 Bxf3 16.gxf3 Re6 
17.Ne3 Nd4 18.Rd2 Nxf3+ 19.Kg2 Nxd2 20.Rd1 Nxe4 
21.Rd7 Rc8 22.Nd5 Kf8 23.Nxc7 Rxc7 24.Rxc7 Nd6 
25.Rc3 Rg6+ 26.Kf3 Rh6 27.Kg4 f5+ 28.Kg5 Rg6+ 
29.Kh5 Ke8 30.Re3 e4 31.b4 Nf7 32.c4 
Rh6+ 0-1

[Event "HCL-E1584"]
[Site "www.playchess.de"]
[Date "2006.02.20"]
[Round "9"]
[White "freno"]
[Black "TheGreatGatsby"]
[WhiteElo "1601"]
[BlackElo "2000"]
[PlyCount "51"]
[Result "1-0"]

1.e4 {Hello from Paris}  c5 {Hello from Groesbeek. 
Good luck}  2.f4 Nc6 3.Nf3 d5 4.exd5 Qxd5 5.Nc3 
Qd8 6.Bb5 Bd7 7.O-O Qb6 8.Bxc6 Bxc6 9.Kh1 e6 10.d3 
Nf6 11.b3 Be7 12.Bb2 O-O 13.Ne5 Nd5 14.Nxd5 Bxd5 
15.Nd7 Bxg2+ 16.Kg1 Qc6 17.Qg4 f6 18.Nxf8 Rxf8 
19.Qxg2 Qb6 20.Kh1 Rf7 21.Rae1 Bf8 22.Re3 Re7 
23.Bxf6 Rf7 24.Be5 c4 25.Re4 cxb3 
26.axb3 1-0

[Event "HCL-E1570"]
[Site "www.playchess.de"]
[Date "2006.02.20"]
[Round "15"]
[White "Fantaw"]
[Black "Jule"]
[WhiteElo "1665"]
[BlackElo "1413"]
[PlyCount "35"]
[Result "1-0"]

1.d4 d5 2.c4 c6 3.Nc3 e6 4.Nf3 Nd7 5.e4 Bb4 6.e5 
h6 7.Bd3 Ne7 8.Qc2 O-O 9.O-O Bxc3 10.bxc3 Nb6 
11.c5 Nd7 12.g4 b6 13.Be3 Qc7 14.Qd2 Ng6 15.Bxh6 
gxh6 16.Qxh6 bxc5 17.Ng5 Re8 18.Qh7+ 1-0

[Event "HCL-C4047"]
[Site "www.playchess.de"]
[Date "2006.02.20"]
[Round "1"]
[White "xmen"]
[Black "Farquhart"]
[WhiteElo "1378"]
[BlackElo "496"]
[PlyCount "57"]
[Result "1-0"]

1.e4 e5 2.Nf3 Nf6 3.Nxe5 Nxe4 4.Nxf7 Kxf7 5.Qh5+ 
g6 6.Qd5+ Kg7 7.Qxe4 Qe7 8.Qxe7+ Bxe7 9.d4 Bb4+ 
10.c3 Re8+ 11.Be3 Nc6 12.cxb4 Nxb4 13.Na3 Re6 
14.Be2 d5 15.O-O Rc6 16.Rfc1 Bd7 17.Rxc6 bxc6 
18.Bd2 Re8 19.Kf1 a5 20.Bxb4 axb4 21.Nc2 h5 
22.Nxb4 Rb8 23.Nd3 Re8 24.a4 Bc8 25.Ne5 c5 26.f4 
Rf8 27.g3 Bh3+ 28.Kf2 cxd4 29.Rd1 1-0

[Event "HCL-C4109"]
[Site "www.playchess.de"]
[Date "2006.02.20"]
[Round "13"]
[White "Milosforman"]
[Black "JMD"]
[WhiteElo "958"]
[BlackElo "1293"]
[PlyCount "72"]
[Result "0-1"]

1.d4 Nf6 {hello from Paris}  2.c4 {hi from rome}  
e6 3.Nc3 Bb4 4.Bd2 b6 5.a3 Bxc3 6.Bxc3 Bb7 7.Nf3 
Ne4 8.e3 Nxc3 9.bxc3 d6 10.Bd3 Qf6 11.h4 h6 12.e4 
Nd7 13.Qa4 c6 14.O-O g5 15.h5 g4 16.Nh2 Qh4 17.g3 
Qxh5 18.d5 exd5 19.exd5 cxd5 20.Qb5 Rc8 21.Rae1+ 
Kd8 22.Be4 Rc5 23.Qb4 a5 24.Qa4 Rxc4 25.Qxc4 dxc4 
26.Bxb7 Nc5 27.Be4 Re8 28.Bh7 Rf8 29.Be4 f5 30.Bd5 
f4 31.Bxc4 f3 32.Red1 Kc7 33.Rd5 Qh3 34.Nxf3 gxf3 
35.Rxc5+ {good game}  bxc5 36.Be2 
Qg2+ 0-1

[Event "HCL-A2475"]
[Site "www.playchess.de"]
[Date "2006.02.20"]
[Round "19"]
[White "kali"]
[Black "saemi"]
[WhiteElo "1458"]
[BlackElo "1630"]
[PlyCount "80"]
[Result "0-1"]

1.e4 e5 {Hello from Iceland}  2.Nf3 Nc6 3.Bb5 a6 
4.Ba4 Nf6 5.O-O Be7 6.Re1 b5 7.Bb3 O-O 8.c3 d6 
9.h3 Na5 10.Bc2 c5 11.d4 Qc7 12.Bg5 Bb7 13.d5 h6 
14.Bh4 Qd8 15.Nbd2 Nxd5 16.Bxe7 Nxe7 17.b4 cxb4 
18.cxb4 Nac6 19.a3 f5 20.exf5 Nxf5 21.Bxf5 Rxf5 
22.Qc2 Qf6 23.Ne4 Qe6 24.Nxd6 Rxf3 25.gxf3 Qxd6 
26.Rad1 Nd4 27.Qc3 Bxf3 28.Rxd4 Qg6+ 29.Rg4 Bxg4 
30.hxg4 Qxg4+ 31.Qg3 Qxg3+ 32.fxg3 Re8 33.Kf2 Kf7 
34.Ke3 Rc8 35.Ke4 Ke6 36.Rd1 Rc4+ 37.Ke3 Rc3+ 
38.Rd3 Rxd3+ 39.Kxd3 Kf5 40.Ke3 
e4 0-1

[Event "HCL-B3822"]
[Site "www.playchess.de"]
[Date "2006.02.20"]
[Round "18"]
[White "IRONMAIDEN"]
[Black "joleti"]
[WhiteElo "1337"]
[BlackElo "1764"]
[PlyCount "83"]
[Result "1/2-1/2"]

1.d4 Nf6 2.Nc3 g6 3.e4 d6 4.Bg5 Bg7 5.Bd3 c5 6.d5 
e6 7.Nf3 a6 8.O-O h6 9.Be3 exd5 10.exd5 O-O 11.Qd2 
Nbd7 12.Bxh6 Bxh6 13.Qxh6 b5 14.Nh4 Ng4 15.Qf4 
Qxh4 16.h3 g5 17.Qxg4 Qxg4 18.hxg4 Nf6 19.f3 b4 
20.Ne2 Nxd5 21.Kf2 f5 22.gxf5 Bxf5 23.Bxf5 Rxf5 
24.Rfh1 Kg7 25.Rh5 Rh8 26.Rxh8 Kxh8 27.Rh1+ Kg7 
28.Ng3 Re5 29.Ne4 Nf4 30.g3 Ne6 31.Nxd6 Nd4 32.Re1 
Rxe1 33.Kxe1 Nxc2+ 34.Kd2 Nd4 35.f4 gxf4 36.gxf4 
Nb5 37.Nxb5 axb5 38.Kd3 Kf6 39.Ke4 Ke6 40.b3 Kd6 
41.f5 c4 42.bxc4 {(offering draw) looks like it} 
 1/2-1/2

[Event "HCL-C4103"]
[Site "www.playchess.de"]
[Date "2006.02.20"]
[Round "8"]
[White "Grunert"]
[Black "JMD"]
[WhiteElo "993"]
[BlackElo "1293"]
[PlyCount "26"]
[Result "0-1"]

1.d4 Nf6 2.e3 c6 3.Nf3 d5 4.g3 Bg4 5.Bg2 Qc8 6.Nc3 
Na6 7.a3 e6 8.h3 Bxf3 9.Bxf3 Qc7 10.O-O Bd6 11.Bd2 
h5 12.h4 Bxg3 13.fxg3 Qxg3+ 0-1

[Event "HCL-A2573"]
[Site "www.playchess.de"]
[Date "2006.02.20"]
[Round "10"]
[White "scotty4u"]
[Black "M45"]
[WhiteElo "1332"]
[BlackElo "1426"]
[PlyCount "52"]
[Result "0-1"]

1.e4 c5 2.Bc4 g6 3.Qf3 e6 4.Ne2 Bg7 5.Nbc3 Nc6 
6.b3 Nf6 7.O-O O-O 8.Nb5 d5 9.exd5 exd5 10.Bd3 Bg4 
11.Qg3 Bxe2 12.Bxe2 Ne4 13.Qg4 Bxa1 14.c3 a6 
15.Na3 Bxc3 16.dxc3 Nxc3 17.Bb2 Ne5 18.Qh3 Nxe2+ 
19.Kh1 d4 20.Re1 Nf4 21.Qg3 Qf6 22.Bc1 Nfd3 23.Bg5 
Qf5 24.Re2 Rfe8 25.Nc4 Nxc4 26.bxc4 
Rxe2 0-1

[Event "HCL-C4162"]
[Site "www.playchess.de"]
[Date "2006.02.20"]
[Round "8"]
[White "nichju"]
[Black "Innessa"]
[WhiteElo "1060"]
[BlackElo "897"]
[PlyCount "102"]
[Result "0-1"]

1.e4 {Greetings from Germany and good luck to you} 
 e5 {  Gruesse !}  2.Nf3 d6 {In welcher Stadt 
leben Sie ?}  3.Bc4 {Ich wohne in einem kleinen 
Städtchen, ca. 70 km nördlich von Frankfurt. Woher 
kannst Du so gut deutsch?}  Nf6 {Ich studierte 
Deutsch und es gefallt mir deutsche Sprache .}  
4.c3 Bg4 5.d4 Nbd7 6.Bg5 Be7 7.h3 Bxf3 8.Qxf3 O-O 
9.O-O exd4 10.cxd4 c5 11.d5 Ne5 12.Qb3 Nxc4 
13.Qxc4 h6 {Sie gewinnen allen sehr schnell! Wer 
sind Sie von Beruf ?}  14.Be3 {Ich bin 
Wirtschaftsinformatiker, aber ich verliere auch 
sehr schnell ;-)}  Rb8 {Ja, Ihre Schach gehen 
forward viel, und ich soll da ein wenig glauben ! 
Das ist viel Spass fur mich !}  15.Nd2 b5 16.Qe2 
b4 17.Nc4 Nxe4 {: )}  18.Qg4 Ng5 {: ) noch einmal 
!}  19.h4 f5 {Viel  Spass !   : )}  20.Qh5 Ne4 
21.f3 Ng3 {Sorry !}  22.Qxh6 gxh6 {Fuhlen Sie sich 
gekraenkt ob an mich ?}  23.Rf2 {Nein, ich weiss, 
dass du gut Schach spielen kannst}  Bxh4 {Wie 
koennen Sie das weissen ?}  24.Bxh6 Rf7 {Wunschen 
Sie noch mit mir spielen ? Sie sind sehr starker 
Gegner fur mich , und  ich wunsche gerade das !    
: )}  25.Ne3 {Natürlich möchte ich noch eine 
Revanche.}  Qf6 {OK ! Wir werden die private 
Partien spielen .}  26.Bf4 Nh5 27.g3 Bxg3 28.Bxg3 
Nxg3 29.Rg2 Rg7 30.Re1 f4 31.Ng4 Qd4+ 32.Nf2 Rh7 
33.Rh2 Rxh2 34.Kxh2 Qxf2+ 35.Kh3 Qxe1 {Sorry !}  
36.b3 Kf7 37.a3 Qh1+ 38.Kg4 Rg8+ {Ich danke Ihnen 
sehr fur gutes Spiel und hoffe, wir werden noch 
spielen !}  39.Kxf4 {Herzlichen Glückwunsch!}  
bxa3 {Ihnen auch !   :)}  40.b4 cxb4 {Ich habe 2 
min. Internet- Zeit fur heute, also: Gute Nacht !} 
 41.Ke3 a2 42.f4 b3 {Good weekend !}  43.f5 Nxf5+ 
44.Kd3 b2 45.Kc4 a1Q 46.Kb5 b1Q+ 47.Kc6 {Jetzt 
willst Du es aber wissen :-)}  a5 {Sei Ihrer 
Koenig spaziert !   : )}  48.Kd7 a4 49.Kc6 a3 
50.Kd7 Qab2 51.Kc6 a2 0-1

[Event "HCL-B3817"]
[Site "www.playchess.de"]
[Date "2006.02.20"]
[Round "10"]
[White "munther"]
[Black "Kannsnich"]
[WhiteElo "1350"]
[BlackElo "1232"]
[PlyCount "97"]
[Result "1-0"]

1.e4 c6 2.d4 d5 3.g3 dxe4 4.Bg2 Nf6 5.Nc3 Bg4 
6.Nge2 Bf3 7.Bxf3 exf3 8.Ng1 e6 9.a3 Be7 10.Nxf3 
O-O 11.Be3 Nbd7 12.Qd3 c5 13.O-O-O Qc7 14.dxc5 
Nxc5 15.Qc4 Rac8 16.Nd4 a6 17.f3 Rfd8 18.Qe2 Nd5 
19.Nxd5 Rxd5 20.Kb1 Na4 21.Rd3 b5 22.Bc1 b4 
23.Nxe6 fxe6 24.Qxe6+ Kh8 25.Qxd5 Qxc2+ 26.Ka1 
bxa3 27.Qb3 axb2+ 28.Bxb2 Nxb2 29.Qxc2 Rxc2 30.Rb3 
Rc8 31.Kxb2 Kg8 32.Rc1 Bf6+ 33.Kb1 Rxc1+ 34.Kxc1 
Kf7 35.Ra3 Bd4 36.Rxa6 h6 37.Kd2 Bg1 38.Ke2 h5 
39.h4 Bd4 40.g4 hxg4 41.fxg4 Bf6 42.g5 Bd4 43.Kf3 
Be5 44.Kg4 g6 45.h5 gxh5+ 46.Kxh5 Bg7 47.Ra7+ Kg8 
48.Kg6 Bf8 49.Ra8 1-0